000 00517nam a22001697a 4500
003 OSt
005 20180227102449.0
008 180227b xxu||||| |||| 00| 0 ara d
040 _aLB-BrCRDP
082 _a370.956 A136t
100 2 _aد.عبدااله عبد الدائم
245 _aالثورة التكنولوجية في التربية العربية
250 _aالطبعة الثانية
260 _aبيروت
_bدار العلم للملايين
_c1978
300 _a327ص
_c24سم
942 _2ddc
_cBK
999 _c18764
_d18764